Interventions with infants and parents : the theory and practice of previewing

Αποθηκεύτηκε σε:
Λεπτομέρειες βιβλιογραφικής εγγραφής
Κύριος συγγραφέας: Trad, Paul V.
Μορφή: Βιβλίο
Γλώσσα:English
Δημοσίευση: New York : John Wiley & Sons, 1992
Σειρά:Wiley series in child and adolescent mental health
Θέματα:
Ετικέτες: Προσθήκη ετικέτας
Δεν υπάρχουν, Καταχωρήστε ετικέτα πρώτοι!

MARC

LEADER 00000nam a2200000 i 4500
001 1/86892
008 990721s1992 eng d
020 |a 0-471-53229-0 
035 |l 10052174 
040 |a GR-MY-UA  |b gre  |e aacr 
041 0 |a eng 
082 0 |a 618.9289 
100 1 |a Trad, Paul V. 
245 1 0 |a Interventions with infants and parents :  |b the theory and practice of previewing /  |c Paul V. Trad 
260 |a New York :   |b John Wiley & Sons,   |c 1992 
300 |a 557 p. 
490 1 |a Wiley series in child and adolescent mental health 
650 0 0 |a Infant psychiatry. 
650 0 0 |a Mother and infant. 
830 0 |a Wiley series in child and adolescent mental health 
852 |a INST  |b RHODES  |e 19990721  |h 618.9289 TRA  |p 005400011798  |q 005400011798  |t BK  |y 0 
901 |a BIBL4-1999-2 
909 |a Ρ  |b 066037 
922 |a 4ΕΛΗ  |b 199905  |c ΚΠΣ/154  |d LEADER 
970 |z 1999/07/21  |a ΚΟΥΛΑΚΙΟΤΗ  |b ΛΙΤΣΑ